| Поле | Название | Значение |
| |
Тип записи |
a |
| |
Библиографический уровень |
m |
| 001 |
Контрольный номер |
RU/ГПНТБ России/IBIS/87.4/К19-760430475 |
| 005 |
Дата корректировки |
20221013093445.9 |
| 010 |
Индекс ISBN |
__ |
| a |
ISBN |
978-5-17-146374-8 (Думай и решай) |
| 010 |
Индекс ISBN |
__ |
| a |
ISBN |
978-5-17-133459-8 (Власть и успех) |
| d |
Цена |
742-00 |
| 100 |
Данные общей обработки |
__ |
| a |
Данные общей обработки |
20221013d2021 |||y0rusy5089 ca |
| 101 |
Язык документа |
1_ |
| a |
Язык текста |
rus |
| c |
Язык оригинала |
eng |
| 102 |
Страна публикации |
__ |
| a |
Страна публикации |
RU |
| 105 |
Кодированные данные (монография) |
__ |
| a |
Кодированные данные (монография) |
a z 000yy |
| 181 |
Поле кодированных данных: вид содержания |
_0 |
| a |
Код вида содержания (ISBD) |
i |
| 182 |
Поле кодированных данных: тип средства |
_0 |
| a |
Код типа средства (ISBD) |
n |
| 200 |
Заглавие и сведения об ответственности |
1_ |
| a |
Заглавие |
Шум. Несовершенство человеческих суждений |
| f |
Первые сведения об ответственности |
Даниэль Канеман, Оливье Сибони, Касс Р. Санстейн |
| g |
Последующие сведения об ответственности |
перевод с английского А. Котовой [и др.] |
| 210 |
Выходные данные |
1_ |
| a |
Место издания |
Москва |
| c |
Издательство |
АСТ |
| d |
Дата издания |
2021 |
| 215 |
Физическое описание |
__ |
| a |
Объем |
539 с. |
| c |
Иллюстрации/тип воспроизводства |
ил. |
| 225 |
Серия (Журнальная рубрика) |
2_ |
| a |
Серия (Журнальная рубрика) |
Думай и решай |
| 225 |
Серия (Журнальная рубрика) |
2_ |
| a |
Серия (Журнальная рубрика) |
Власть и успех |
| 225 |
Серия (Журнальная рубрика) |
2_ |
| a |
Серия (Журнальная рубрика) |
Бестселлер New York Times |
| 300 |
Общие примечания |
__ |
| a |
Общие примечания |
На 462-й с. авторы: Даниэль Канеман, профессор, лауреат Нобелевской премии в области экономики, Оливье Сибони, профессор, Касс Р. Санстейн, профессор |
| 320 |
Библиография |
__ |
| a |
Библиография |
Библиография в тексте примечаний: с. 465-514 |
| 320 |
Библиография |
__ |
| a |
Библиография |
Предметный указатель: с. 515-539 |
| 320 |
Библиография |
__ |
| a |
Библиография |
Другие произведения автора: с. 463-464 |
| 330 |
Аннотация |
__ |
| a |
Аннотация |
Два одинаково уважаемых врача могут поставить пациенту совершенно разные диагнозы. Два одинаково честных судьи - вынести абсолютно разные вердикты по одному делу. Два одинаково опытных специалиста по подбору персонала - выбрать на одну и ту же должность разных соискателей... Почему это происходит? От чего зависит? Могут ли на такие важные решения влиять время суток или день недели? Даниэль Канеман вместе с Оливье Сибони и Кассом Р. Санстейном раскроют секреты шума - посторонних влияний на наши суждения - во многих областях: от медицины до криминалистики, от экономического прогнозирования до юриспруденции, и, что еще важнее, научат, как его уменьшить, а значит, начать находить лучшие решения. |
| 333 |
Примечание о целевом назначении |
__ |
| a |
Примечание о целевом назначении |
16+ |
| 606 |
Тематические рубрики |
__ |
| a |
Основная рубрика |
Логика |
| 606 |
Тематические рубрики |
__ |
| a |
Основная рубрика |
Психология |
| 606 |
Тематические рубрики |
__ |
| a |
Основная рубрика |
Психические процессы |
| 610 |
Ключевые слова |
1_ |
| a |
Ключевые слова |
умозаключение |
| a |
Ключевые слова |
принятие решений |
| a |
Ключевые слова |
суждение |
| a |
Ключевые слова |
аргументация |
| a |
Ключевые слова |
прогнозирование |
| a |
Ключевые слова |
решение проблем |
| 686 |
Индексы других классификаций |
__ |
| a |
Индекс ББК |
87.4 |
| 686 |
Индексы других классификаций |
__ |
| a |
Индекс ББК |
88.25 |
| 700 |
Автор |
_1 |
| a |
Фамилия |
Канеман |
| b |
Имя |
Д. |
| g |
Полное личное имя |
Даниель |
| f |
Даты |
1934- |
| 4 |
Код отношения |
070 |
| 701 |
Альтернативная интеллектуальная ответственность (другие авторы) |
_1 |
| a |
Фамилия |
Сибони |
| b |
Имя |
О. |
| g |
Полное личное имя |
Оливье |
| 4 |
Код отношения |
070 |
| 701 |
Альтернативная интеллектуальная ответственность (другие авторы) |
_1 |
| a |
Фамилия |
Санстейн |
| b |
Имя |
К. |
| g |
Полное личное имя |
Касс |
| f |
Даты |
1954- |
| 4 |
Код отношения |
070 |
| 702 |
Вторичная интеллектуальная ответственность |
_1 |
| a |
Фамилия |
Котова |
| b |
Имя |
А. |
| 4 |
Код отношения |
730 |
| 801 |
Источник записи |
_0 |
| b |
Организация |
ГПНТБ России |
| a |
Страна |
RU |
| c |
Дата составления |
20221013 |
| 801 |
Источник записи |
_1 |
| b |
Организация |
ГПНТБ России |
| a |
Страна |
RU |
| c |
Дата составления |
20221013 |
| 801 |
Источник записи |
_1 |
| a |
Страна |
RU |
| b |
Организация |
Центральная районная библиотека им. Г. А. Пирожникова |
| c |
Дата составления |
20221013 |
| 852 |
Данные о местонахождении |
__ |
| j |
Шифр хранения |
87.4 |
| i |
Авторский знак |
К 193 |
| 901 |
Тип документа |
__ |
| t |
Тип документа |
m |
| 902 |
Роль лиц |
__ |
| b |
Редактор БЗ |
ОКиО/Шумских |